Cumplimientos entre soldados... (Record no. 165213)
[ view plain ]
| 000 -LEADER | |
|---|---|
| campo de control de longitud fija | 00865nam a22001695i 4500 |
| 001 - NÚMERO DE CONTROL | |
| campo de control | 165213 |
| 003 - IDENTIFICADOR DE NÚMERO DE CONTROL | |
| campo de control | ES-MaACL |
| 005 - FECHA Y HORA DE LA ÚLTIMA TRANSACCIÓN | |
| campo de control | 20230906213104.0 |
| 008 - DATOS DE LONGITUD FIJA--INFORMACIÓN GENERAL | |
| campo de control de longitud fija | 020307s1869 sp |||| | spa d |
| 040 ## - FUENTE DE CATALOGACIÓN | |
| Centro catalogador/agencia de origen | CAM |
| Lengua de catalogación | spa |
| Centro/agencia transcriptor | CAM |
| 100 1# - ENTRADA PRINCIPAL--NOMBRE DE PERSONA | |
| Nombre de persona | Sequeiros y Hernández de Medina, Camilo. |
| 9 (RLIN) | 132654 |
| 245 10 - MENCIÓN DEL TÍTULO | |
| Título | Cumplimientos entre soldados... |
| Resto del título | : proverbio bufo en un acto, tomado del francés / |
| Mención de responsabilidad, etc. | por Camilo Sequeiros y Hernández de Medina. |
| 260 ## - PUBLICACIÓN, DISTRIBUCIÓN, ETC. | |
| Lugar de publicación, distribución, etc. | Madrid : |
| Nombre del editor, distribuidor, etc. | [s.n.], |
| Fecha de publicación, distribución, etc. | 1869 ( |
| Fabricante | Imprenta de la Viuda é Hijos de Francisco Abienzo) |
| 300 ## - DESCRIPCIÓN FÍSICA | |
| Extensión | 17 p. ; |
| Dimensiones | 19 cm. |
| 500 #1 - NOTA GENERAL | |
| Nota general | En port.: Estrenado en el Teatro de Verano (Circo de Paul) en la noche del Sábado 26 de junio de 1869. |
| 852 ## - LOCALIZACIÓN | |
| Ubicación | ES-MaACL |
| Número de control de estantería | F-8558(7) |
| Nota libre | -- Enc. pasta española |
| -- | -- Ex-libris ms. de Gustavo Saenz Diez |
| -- | -- Enc. en un vol. facticio ormando parte de la col. "Teatro español moderno" v. 10 |
| Estatus retirado | Estado de pérdida | Estado de daño | No para préstamo | Colección | Biblioteca de origen | Biblioteca actual | Ubicación en estantería | Fecha de adquisición | Total de préstamos | Signatura topográfica completa | Código de barras | Visto por última vez | Precio de reemplazo | Tipo de ítem Koha |
|---|---|---|---|---|---|---|---|---|---|---|---|---|---|---|
| Libros del s. XIX | Biblioteca del Ateneo de Madrid | Biblioteca del Ateneo de Madrid | Sala Pecera Planta 2 | 17/01/2008 | F-8558(7) | 1173242 | 23/02/2023 | 23/02/2023 | Libro impreso antiguo |
